000 00975nam a2200289 a 4500
001 4276026
003 SMME
005 20170105113125.0
008 850711r19831967pk b b 001 0 eng
010 _a 84931893
040 _aDLC
_cDLC
_dDLC
043 _aa-pk---
050 0 0 _aDS384
_b.A768 1983
082 0 0 _a954.919 ALI
_219
100 1 _aAli, Chaudhri Muhammad.
245 1 4 _aThe emergence of Pakistan /
_cby Chaudhri Muhammad Ali.
260 _aLahore :
_bResearch Society of Pakistan, University of the Punjab,
_c1983.
300 _aix, 418 p. :
_bmaps ;
_c24 cm.
490 1 _aPublication ;
_vno. 29
500 _aReprint. Originally published: New York : Columbia University Press, 1967.
500 _aIncludes index.
504 _aBibliography: p. [389]-401.
651 0 _aPakistan
_xPolitics and government.
830 0 _aPublication (Research Society of Pakistan) ;
_vno. 29.
906 _a7
_bcbc
_corignew
_d3
_encip
_f19
_gy-gencatlg
942 _2ddc
_cBK
999 _c34122
_d34122